000 00917nam a2200229Ia 4500
999 _c36920
_d36920
001 2871
003 GE_BSU
005 20190506121950.0
008 181216s2002||||ge |||||||||||||| ||geo||
040 _cGE_BSU
041 _ageo
080 _a657(075.8)+33.07 ხ–25
100 _aხარაბაძე , ელენე
_9764
245 _aბუღალტრული აღრიცხვის საფუძვლები /
_c ელენე ხარაბაძე ; რედ: ე. კუპრეიშვილი
264 _aთბილისი .:
_bბიზნეს-კურიერი ,
_c2002.
300 _a270 გვ ;
_c20 სმ.
541 _h10 ლ.
653 _aბუღალტრული აღრიცხვა
653 _aბუღალტერია
700 _aკუპრეიშვილი, ე
_eრედაქტორი
_9765
942 _cBK
_2udc